| 000 | 01215cad a22001935a 4500 | ||
|---|---|---|---|
| 001 | E146236 | ||
| 008 | 081217s2008 xxk f 000 0 eng d | ||
| 035 | _a(Sirsi) u146236 | ||
| 041 | 0 | _aeng | |
| 050 | 0 | 4 | _a630.09411 $2 18 |
| 110 | 2 |
_aTenant Farming Forum _94640 |
|
| 245 | 0 | 0 |
_aAssisting new entrants into Scottish farming _brecommendations to the Cabinet Secretary _h[electronic resource] |
| 260 |
_a[S.l.] _bTenant Farming Forum _c[2008] |
||
| 520 | _aSets out the results of research undertaken on behalf of the Tenant Farming Forum in order to gather information on potential barriers to new entrants to the tenant farming sector. Suggests that the most significant perceived barries are the lack of available land; the high cost of land; and competition from established farmers. Makes recommendations as to how these problems could be addressed by the Scottish Government. | ||
| 651 | 4 |
_aScotland _y1999- |
|
| 690 | _aPROPERTY-LANDLORD AND TENANT-TENANCIES-AGRICULTURAL TENANCIES | ||
| 856 | 4 | 0 |
_uhttps://www.tenantfarmingforum.org.uk/resources/000/244/596/38_BARRIERS_TO_NEW_ENTRANTS_TO_SCOTTISH_FARMING_-_Final_Copy__2_.pdf _zView the report free of charge at www.tenantfarmingforum.org.uk |
| 942 | _n0 | ||
| 999 |
_c109082 _d109082 |
||